000 00340nam a2200133Ia 4500
008 251230s9999 xx 000 0 und d
082 _a820
_bDOR/M
100 _a Daniels, Dorothy
245 0 _aMonte Carlo
250 _a1st Edition
260 _aNew York
_bLeisur Books
_c1981
300 _a352p.
942 _yMuit Old Books
_cMuit Old Books
999 _c50463
_d50463